Представление документа в формате RUSMARC

ПолеНазваниеЗначение
  Тип записи a
  Библиографический уровень a
001 Контрольный номер RU/УОНБ/EK_Kray/650206274
005 Дата корректировки 20240131004901.9
100 Данные общей обработки __
a Данные общей обработки 20200808d2020 ||| 0rusy0189 ca
101 Язык документа 0_
a Язык текста rus
102 Страна публикации __
a Страна публикации RU
105 Кодированные данные (монография) __
a Кодированные данные (монография) y###||||000|y
200 Заглавие и сведения об ответственности 1_
a Заглавие Рассказы Ирины Богатыревой и Лидии Пехтеревой прозвучали на фестивале "Кора" в Москве
215 Физическое описание __
c Иллюстрации/тип воспроизводства 2 фот.
330 Аннотация __
a Аннотация 16 февраля 2020 г. в Москве проходил фестиваль короткого рассказа "Кора". Принимали участие писательница И. Богатырева и ульяновская журналистка Л. Пехтерева.
461 Уровень набора _0
1 2000
a Симбирскъ
1 011
463 Уровень физической единицы _0
1 001RU/УОНБ/EK_Kray/649849153
1 2000
a № 3
v С. 77
1 210
d 2020
600 Персоналии _1
a Персоналии (Фамилия) Богатырева, Ирина
600 Персоналии _1
a Персоналии (Фамилия) Пехтерева, Лидия
610 Ключевые слова 0_
a Ключевые слова писатели
610 Ключевые слова 0_
a Ключевые слова журналисты
610 Ключевые слова 0_
a Ключевые слова фестиваль короткого рассказа
686 Индексы других классификаций __
a Классификационный индекс 83.37.0
2 Код системы rubbk
801 Источник записи _0
a Страна RU
b Организация Ульяновская ОНБ
c Дата составления 20200808
g Правила каталогизации RCR
801 Источник записи _1
a Страна RU
b Организация Ульяновская ОНБ
c Дата составления 20200808
g Правила каталогизации RCR
901 Тип документа __
t Тип документа b
w Контрольный № источника RU/УОНБ/EK_Kray/649849153
909 Создатель записи __
a Создатель записи Бороденкова
938 Служебная информация __
a Имя БД kraeved_work
b Имя библиотеки УОНБ
c Имя АИБС МАРК-SQL
d Номер DOC_ID в БД 140699